El control de la producción y los stocks

Wedi'i Gadw mewn:
Manylion Llyfryddiaeth
Prif Awduron: Plossl, G. W (Awdur), Wight, O. W (Awdur)
Fformat: Llyfr
Iaith:Sbaeneg
Cyhoeddwyd: Pamplona EUNSA 1979
Cyfres:Dirección de Empresas y Organizaciones
Pynciau:
Tagiau: Ychwanegu Tag
Dim Tagiau, Byddwch y cyntaf i dagio'r cofnod hwn!

MARC

LEADER 00000nam a2200000 a 4500
001 UCU6814
003 CL-VaPUC
008 960621e19790000SP |||||||||||||||||spa|d
082 0 4 |a 658.56  |b PLO  |2 21 
100 0 |a Plossl, G. W  |e author  |9 365218 
700 0 |a Wight, O. W  |e author  |9 365219 
245 1 3 |a El control de la producción y los stocks 
300 |a 501 p 
942 |c BK 
945 |d 19960621 00:00:00  |a paguirre 
260 |a Pamplona  |b EUNSA  |c 1979 
650 0 |a Producción   |9 263680 
650 0 |a Control de calidad   |9 259714 
650 7 |a PRODUCTOS  |2 CL-VaPUC  |9 338640 
650 0 |a Stocks  |9 361023 
650 0 |a Administración  |9 259325 
650 0 |a Gestión   |9 260993 
650 0 |a Gestión de stocks  |9 365220 
583 |a last modification  |c 19960621 00:00:00  |k Rodrigo Vera 
490 0 |a Dirección de Empresas y Organizaciones 
999 |c 249619  |d 249617 
952 |0 0  |1 0  |4 0  |6 658_560000000000000_PLO_1979  |7 0  |8 A  |9 266956  |a BIBENE  |b BIBENE  |d 2019-11-19  |i 198229K  |o 658.56 PLO 1979  |p 198229K  |r 2025-01-15  |w 2019-11-19  |y BK  |k ICO